MARC

LEADER 00000nam0a2200000 4500
001 365487
005 20231102011805.0
035 |a (RuTPU)RU\TPU\retro\22850 
090 |a 365487 
100 |a 20220111d1980 k y0rusy50 ca 
101 0 |a rus 
102 |a RU 
105 |a a z 001zy 
200 1 |a Полимерные материалы в машиностроении  |e межвузовский сборник научных трудов  |f под ред. А. П. Мордвина 
210 |a Пермь  |c Изд-во ППИ  |d 1980 
215 |a 216 с.  |c ил. 
320 |a Библиогр. в конце ст. 
606 1 |a Машиностроительные материалы неметаллические  |2 stltpush  |3 (RuTPU)RU\TPU\subj\41673  |9 61459 
610 1 |a полимерные материалы 
610 1 |a полимеры 
610 1 |a применение 
610 1 |a композиционные материалы 
610 1 |a расчеты 
610 1 |a методы 
610 1 |a конструирование 
610 1 |a ионизирующие излучения 
675 |a 621.002.3  |v 4 
702 1 |a Мордвин  |b А. П.  |4 340 
801 1 |a RU  |b 63413507  |c 20220111 
801 2 |a RU  |b 63413507  |c 20220111  |g RCR 
942 |c BK